000 00613nam a2200193Ia 4500
001 5687
003 GE_BSU
008 181216s||||||||xx |||||||||||||| ||und||
040 _cGE_BSU
080 _a517.55
245 _aКомплексные пространства. Сборник переводов
245 _cПод ред. А.Б. Жижченко и А.Л. Оницика с предисл. И.Р. Шафаревича
260 _aмосква
260 _bМ Мир
260 _c1965
300 _a320 с.20 см.
653 _aКомплексные пространства.
942 _cBK
999 _c39110
_d39110